Who Is This Player? (Fenerbahçe 24/25) - Statistics

General Stats
  • This quiz has been taken 95 times
  • The average score is 25 of 28
Answer Stats
Picture Answer % Correct
Dominik Livakovic
97%
İrfan Can Eğribayat
94%
Çağlar Söyüncü
93%
Fred
93%
Anderson Talisca
91%
Edin Dzeko
91%
Jose Mourinho
91%
Alexander Djiku
90%
Dusan Tadic
90%
İrfan Can Kahveci
90%
Mert Müldür
90%
Sofyan Amrabat
90%
Yusuf Akçiçek
90%
Cenk Tosun
89%
İsmail Yüksek
89%
Jayden Oosterwolde
89%
Mert Hakan Yandaş
89%
Milan Skriniar
89%
Allan Saint-Maximin
86%
Bright Osayi-Samuel
86%
Filip Kostic
86%
Oğuz Aydın
86%
Rodrigo Becao
86%
Youssef En-Nesyri
86%
Sebastian Szymanski
84%
Diego Carlos
83%
Levent Mercan
77%
Ertuğrul Çetin
76%
No matching quizzes found
Score Distribution
Percent of People with Each Score
Percentile by Number Answered
Your Score History
You have not taken this quiz